[Event "Tourn. n9408"]
[Site "www.chess-mail.com"]
[Date "2017.07.27"]
[Round "1"]
[White "Claymil"]
[Black "Ditto"]
[WhiteElo "2070"]
[BlackElo "1830"]
[Result "0-1"]
[Round "1"]
1.c4 e5
2.Nb1c3 d6
3.g3 Ng8f6
4.Bf1g2 Nb8c6
5.h3 Bc8f5
6.d3 Bf8e7
7.e4 Bf5d7
8.Ng1e2 Bd7e6
9.O-O Qd8d7
10.Kh2 g5
11.g4 O-O-O
12.b3 h5
13.f3 hxg4
14.Ne2g3 gxh3
15.Bg2h1 g4
16.Bc1g5 gxf3
17.Bh1xf3 Nc6d4
18.Bf3h1 Nf6g4
19.Kg1 Be7xg5
20.Rf1e1 Ng4f6
21.Kh2 Nf6g4
22.Kg1 h2
23.Kf1 Ng4e3
24.Re1xe3 Be6h3
25.Kf2 Bg5xe3
26.Kxe3 Qd7e7
27.Ng3e2 Qe7g5
28.Kf2 Qg5h4
29.Ke3 Bh3g4
30.Kd2 Qh4g5
31.Ke1 Nd4f3
32.Kf2 Nf3d4
33.b4 Qg5h4
34.Ke3 Qh4g5
35.Kf2 Rh8h3
{ resign }
0-1

[Event "Tourn. n9405"]
[Site "www.chess-mail.com"]
[Date "2017.07.27"]
[Round "1"]
[White "Falcoale"]
[Black "Coolant"]
[WhiteElo "2020"]
[BlackElo "2280"]
[Result "0-1"]
[Round "1"]
1.e4 Nb8c6
2.d4 d5
3.e5 f6
4.Ng1f3 Bc8g4
5.c3 Qd8d7
6.Bf1e2 Bg4xf3
7.Be2xf3 O-O-O
8.O-O fxe5
9.Rf1e1 e4
10.Bf3g4 e6
11.f3 Ng8f6
12.Bc1g5 Rd8e8
13.Bg5xf6 gxf6
14.fxe4 dxe4
15.Nb1d2 f5
16.Bg4e2 Bf8h6
17.Nd2b3 e5
18.Be2b5 a6
19.Nb3c5 Qd7d5
20.Bb5a4 exd4
21.cxd4 Re8d8
22.Ba4xc6 Qd5xc6
23.Nc5b3 Rh8g8
24.Re1e2 f4
25.Ra1c1 Qc6g6
26.Qd1c2 Rg8g7
27.Qc2xe4 f3
28.Qe4xf3 Bh6xc1
29.Nb3xc1 Rd8xd4
30.Re2e1 Rd4d2
31.Nc1e2 Rg7e7
32.g3 Qg6e6
33.Qf3f8 Re7e8
34.Qf8f2 Rd2xe2
{ resign }
0-1

[Event "Tourn. n9378"]
[Site "www.chess-mail.com"]
[Date "2017.07.27"]
[Round "1"]
[White "Motorhead99"]
[Black "Stewartborst"]
[WhiteElo "1750"]
[BlackElo "1609"]
[Result "0-1"]
[Round "1"]
1.d4 Ng8f6
2.e3 g6
3.Bf1d3 Bf8g7
4.Nb1d2 O-O
5.f4 d6
6.b3 e5
7.fxe5 dxe5
8.dxe5 Nf6d5
9.Bc1b2 Nd5xe3
10.Qd1f3 Ne3xc2
11.Bd3xc2 Nb8c6
12.O-O-O Bg7xe5
13.Nd2c4 Qd8g5
14.Kb1 Bc8g4
15.Qf3e4 Bg4xd1
16.Bc2xd1 Be5xb2
17.Kxb2 Ra8d8
18.Bd1f3 Rd8d4
19.Qe4e3 Qg5f6
 { time }
0-1

[Event "Tourn. n9389"]
[Site "www.chess-mail.com"]
[Date "2017.07.27"]
[Round "1"]
[White "Attatroll"]
[Black "Falcoale"]
[WhiteElo "2030"]
[BlackElo "2050"]
[Result "1/2-1/2"]
[Round "1"]
1.d4 f5
2.Ng1f3 Ng8f6
3.c4 b6
4.Nb1c3 Bc8b7
5.e3 e6
6.Bf1d3 Bf8e7
7.O-O O-O
8.Bc1d2 d6
9.Qd1c2 Bb7xf3
10.gxf3 Nb8c6
11.a3 a6
12.Rf1e1 Nf6d7
13.d5 exd5
14.Nc3xd5 Nd7e5
15.Bd3xf5 Ne5xf3
16.Kh1 Nf3xe1
17.Ra1xe1 Nc6e5
18.Bf5xh7 Kh8
19.Qc2e4 Be7h4
20.Re1g1 Ne5f3
21.Rg1g4 Nf3xd2
22.Qe4g6 Qd8d7
23.Qg6h5 Qd7xg4
24.Qh5xg4 Kxh7
25.Qg4xh4 Kg8
26.Nd5e7 Kf7
27.Ne7c6 Kg8
28.Qh4h5 Ra8e8
29.Qh5h4 Rf8f7
30.Kg2 Nd2f3
31.Qh4g4 Nf3e1
32.Kf1 Ne1d3
33.Ke2 Nd3xb2
34.Qg4g6 Nb2xc4
35.h4 Nc4e5
36.Nc6xe5 Re8xe5
37.a4 Re5f5
38.f4 Rf5a5
39.h5 Rf7f6
40.Qg6e8 Rf6f8
41.Qe8e6 Kh8
42.h6 gxh6
43.Qe6xh6 Kg8
44.Qh6g6 { draw }
1/2-1/2

[Event "Tourn. n9413"]
[Site "www.chess-mail.com"]
[Date "2017.07.27"]
[Round "1"]
[White "Azulmarino"]
[Black "Pachi"]
[WhiteElo "1510"]
[BlackElo "1590"]
[Result "1-0"]
[Round "1"]
1.e4 e5
2.Ng1f3 d6
3.Bf1c4 h6
4.Nb1c3 Bc8g4
5.h3 Bg4xf3
6.Qd1xf3 f6
7.O-O c6
8.Qf3h5 Kd7
9.Qh5f5 Kc7
10.Nc3e2 d5
11.exd5 cxd5
12.Bc4b5 a6
13.Bb5a4 Ng8e7
14.Qf5e6 b5
15.Ba4b3 h5
16.h4 a5
17.a4 b4
18.d3 Ra8a6
19.Qe6h3 f5
20.Bc1g5 g6
21.Qh3g3 Bf8g7
22.Ne2d4 f4
23.Nd4b5 Kb6
24.Qg3f3 e4
25.Qf3xf4 Bg7xb2
26.Ra1b1 Rh8f8
27.Qf4e3 d4
28.Qe3xe4 Rf8f7
29.Bb3xf7 Qd8c8
30.Rb1xb2 Ne7c6
31.Nb5d6 Qc8d7
32.Nd6c4 Ka7
33.Bf7xg6 b3
34.Bg6f5 Qd7f7
35.Nc4d6 Qf7c7
36.Nd6c8 Kb7
37.Rb2xb3 Ka8
38.Bg5f4 Qc7e7
39.Rb3xb8 { resign }
1-0

[Event "Tourn. n9443"]
[Site "www.chess-mail.com"]
[Date "2017.07.27"]
[Round "1"]
[White "Picifarkinca"]
[Black "Cjood"]
[WhiteElo "1940"]
[BlackElo "2040"]
[Result "1-0"]
[Round "1"]
1.g3 d5
2.Bf1g2 b6
3.c4 Bc8b7
4.b3 e5
5.Bc1b2 f6
6.d4 e4
7.e3 dxc4
8.bxc4 Bf8b4
9.Nb1d2 Ng8e7
10.Qd1a4 Nb8c6
11.d5 Bb4xd2
12.Kxd2 O-O
13.Bg2xe4 f5
14.Be4d3 Nc6a5
15.f3 c6
16.Ra1d1 cxd5
17.Ke2 Bb7c6
18.Qa4b4 Kh8
19.Ng1h3 Ne7g6
20.Nh3f4 Ng6xf4
21.exf4 Rf8e8
22.Kf2 Na5b7
23.Bd3xf5 a5
24.Qb4c3 Qd8e7
25.Rh1e1 Qe7c5
26.Kg2 d4
27.Qc3xd4 Qc5xd4
28.Bb2xd4 Re8xe1
29.Rd1xe1 Ra8d8
30.Bd4xb6 Rd8d2
31.Kh3 Rd2xa2
32.Bf5e4 Bc6d7
33.g4 Nb7d6
34.Re1d1 a4
35.Rd1xd6 { resign }
1-0

[Event "Tourn. n9433"]
[Site "www.chess-mail.com"]
[Date "2017.07.27"]
[Round "1"]
[White "Carebear"]
[Black "Madz123456"]
[WhiteElo "1809"]
[BlackElo "1960"]
[Result "1-0"]
[Round "1"]
1.d4 Ng8f6
2.c4 e6
3.Ng1f3 b6
4.g3 Bc8b7
5.Bf1g2 Bf8e7
6.O-O O-O
7.Rf1e1 d6
8.Nb1c3 d5
9.cxd5 Nf6xd5
10.e4 Nd5xc3
11.bxc3 Nb8d7
12.Bc1f4 Be7d6
13.e5 Bd6e7
14.Qd1c2 h6
15.c4 Rf8e8
16.Ra1d1 Nd7f8
17.Bf4e3  { time }
1-0

[Event "Tourn. n9432"]
[Site "www.chess-mail.com"]
[Date "2017.07.27"]
[Round "1"]
[White "Attatroll"]
[Black "Madz123456"]
[WhiteElo "2020"]
[BlackElo "1940"]
[Result "1-0"]
[Round "1"]
1.d4 Ng8f6
2.c4 e6
3.Nb1c3 Bf8b4
4.e3 O-O
5.Ng1f3 d5
6.cxd5 exd5
7.Bc1d2 c6
8.Bf1d3 Bb4d6
9.h3 Nb8d7
10.O-O Rf8e8
11.Nc3e2 Nf6e4
12.Bd3xe4 dxe4
13.Nf3h2 Nd7f6
14.Ne2c3 Bc8e6
15.Rf1e1  { time }
1-0

[Event "Tourn. n9433"]
[Site "www.chess-mail.com"]
[Date "2017.07.27"]
[Round "1"]
[White "Aiko1603"]
[Black "Bojan"]
[WhiteElo "2030"]
[BlackElo "1940"]
[Result "0-1"]
[Round "1"]
1.c4 c5
2.Nb1c3 e6
3.g3 Ng8f6
4.Bf1g2 Qd8c7
5.d3 Nb8c6
6.Bc1g5 Bf8e7
7.Ng1f3 h6
8.Nc3b5 Qc7d8
9.Bg5xf6 Be7xf6
10.Nb5d6 Ke7
11.Nd6xc8 Ra8xc8
12.Ra1b1 a6
13.O-O b5
14.cxb5 axb5
15.Nf3d2 d5
16.a3 c4
17.dxc4 dxc4
18.e3 Nc6e5
19.Nd2e4 Ne5d3
20.Qd1c2 Bf6e5
21.Rf1d1 Qd8b6
22.Bg2f1 Nd3c5
23.Ne4xc5 Rc8xc5
24.Qc2d2 Be5d6
25.Qd2d4 f6
26.Qd4g4 Rc5g5
27.Qg4d4 Qb6a6
28.Bf1g2 h5
29.h4 Rg5g4
30.Qd4c3 Rg4g6
31.Bg2e4 f5
32.Be4f3 Rg6f6
33.Rd1d2 g6
34.Rb1d1 Rh8d8
35.Bf3e2 Qa6b6
36.b4 Bd6c7
37.Rd2xd8 Bc7xd8
38.Qc3d2 Qb6c7
39.Qd2d4 e5
40.Qd4d5 Rf6b6
41.Qd5c5 Qc7xc5
42.bxc5 Rb6c6
43.Rd1d5 Bd8c7
44.Kf1 Ke6
45.Rd5d2 Rc6xc5
46.Ke1 Bc7a5
47.Kd1 Ba5xd2
48.Kxd2 Kd5
49.Kc3 e4
50.f3 Kc6
51.fxe4 Rc5e5
52.Be2f3 Kc5
53.Bf3g2 fxe4
54.Bg2h1 g5
55.Bh1g2 gxh4
56.gxh4 Re5e7
57.Bg2h1 Re7a7
58.Kb2 Kd5
59.Bh1g2 Ra7a4
60.Bg2f1 b4
{ resign }
0-1

[Event "Match"]
[Site "www.echecsemail.com"]
[Date "2017.07.27"]
[Round "1"]
[White "Pinehill"]
[Black "Cjood"]
[WhiteElo "2060"]
[BlackElo "1910"]
[Result "1-0"]
[Round "1"]
1.e4 e5
2.d4 exd4
3.Bf1c4 Qd8f6
4.Ng1f3 Bf8c5
5.O-O a6
6.e5 Qf6g6
7.c3 dxc3
8.Nb1xc3 b5
9.Bc4d5 c6
10.Bd5e4 Qg6e6
11.Nc3d5 f5
12.Nd5c7 { resign }
1-0

[Event "Match"]
[Site "www.echecsemail.com"]
[Date "2017.07.27"]
[Round "1"]
[White "Azocarwagner"]
[Black "Bjonil60"]
[WhiteElo "1899"]
[BlackElo "1480"]
[Result "1-0"]
[Round "1"]
1.e4 Nb8c6
2.Ng1f3 e5
3.Bf1c4 a6
4.d3 Ng8f6
5.Nf3g5 Bf8e7
6.Ng5xf7 b5
7.Nf7xd8 Kxd8
8.Bc4d5 Bc8b7
9.Bd5xc6 Bb7xc6
10.Bc1g5 Nf6g8
11.Qd1g4 h6
12.Bg5e3 d6
13.Qg4xg7 Be7f6
14.Qg7g4 Ng8e7
15.Qg4f3 Rh8f8
16.Be3xh6 Rf8h8
17.Qf3xf6 Rh8h7
18.Nb1d2 Kd7
19.O-O-O Ra8g8
20.g3 Rg8g6
21.Qf6h4 Rg6xh6
22.Qh4g4 Kd8
23.h4 Bc6d7
24.Qg4f3 Ke8
25.Nd2f1 a5
26.Nf1d2 b4
27.Nd2c4 a4
28.d4 Bd7b5
29.Nc4e3 Ne7g6
30.Ne3d5 exd4
31.Nd5f6 Kd8
32.Nf6xh7 Rh6xh7
33.Qf3f6 Ng6e7
34.Rd1xd4 Kd7
35.Rd4xb4 Bb5c6
36.Rh1d1 d5
37.exd5 Bc6xd5
38.c4 Ne7c6
39.Qf6f5 Kd6
40.Rd1xd5 Ke7
41.Qf5xh7 Ke6
42.Qh7d7 Kf6
43.Qd7xc6 Kf7
44.Rd5d7 Kf8
45.Rb4b8 
1-0

[Event "Match"]
[Site "www.echecsemail.com"]
[Date "2017.07.27"]
[Round "1"]
[White "52maurice"]
[Black "86eamon"]
[WhiteElo "1520"]
[BlackElo "1610"]
[Result "1-0"]
[Round "1"]
1.d4 b6
2.e4 Bc8b7
3.Nb1c3 c5
4.d5 a6
5.b3 b5
6.Bc1e3 d6
7.g3 h6
8.Bf1h3 g6
9.a4 b4
10.Nc3e2 Bf8g7
11.Ra1c1 Bg7c3
12.Ne2xc3 bxc3
13.Rc1b1 h5
14.b4 c4
15.a5 Ng8f6
16.Be3b6 Qd8xb6
17.axb6 Nf6xe4
18.Ng1f3 Bb7xd5
19.Qd1xd5 Ne4d2
20.Rb1d1 Nd2xf3
21.Qd5xf3 e5
22.Qf3xa8 Ke7
23.Qa8d5 Nb8d7
24.Qd5xd6 Kd8
25.Qd6xd7 { resign }
1-0

[Event "Match"]
[Site "www.echecsemail.com"]
[Date "2017.07.27"]
[Round "1"]
[White "Cjood"]
[Black "Fangshuo"]
[WhiteElo "1860"]
[BlackElo "2110"]
[Result "0-1"]
[Round "1"]
1.e4 e6
2.b3 d5
3.f3 dxe4
4.h4 exf3
5.Ng1xf3 Bf8d6
6.Bc1b2 Bd6g3
7.Ke2 Ng8f6
8.Bb2xf6 Qd8xf6
9.Nb1c3 Bg3e5
10.d4 Be5f4
11.Ke1 Nb8c6
12.Bf1e2 O-O
13.g4 Rf8d8
14.g5 Qf6e7
15.a3 Bf4e5
16.Nf3xe5 Nc6xe5
17.Qd1c1 Rd8xd4
18.Qc1e3 Ne5c6
19.Be2f3 Rd4d7
20.Nc3e4 Nc6d4
21.Bf3d1 b6
22.c3 Nd4f5
23.Qe3f4 Bc8b7
24.Bd1f3 Bb7xe4
25.Qf4xe4 Ra8d8
26.Kf2 Qe7c5
27.Kg2 Qc5xc3
28.Ra1d1 Nf5e3
{ resign }
0-1

[Event "Match"]
[Site "www.echecsemail.com"]
[Date "2017.07.27"]
[Round "1"]
[White "Nimzo"]
[Black "Aperturaf"]
[WhiteElo "2850"]
[BlackElo "2650"]
[Result "1/2-1/2"]
[Round "1"]
1.d4 d5
2.c4 e6
3.Ng1f3 Ng8f6
4.Nb1c3 dxc4
5.e4 Bf8b4
6.Bf1xc4 Nf6xe4
7.O-O Ne4xc3
8.bxc3 Bb4e7
9.Nf3e5 O-O
10.Qd1g4 Nb8c6
11.Rf1e1 f5
12.Qg4f3 Nc6xe5
13.Re1xe5 Kh8
14.Bc1f4 g5
15.Bf4d2 Be7d6
16.Ra1e1 Bd6xe5
17.Re1xe5 Bc8d7
18.h4 { draw }
1/2-1/2

[Event "Match"]
[Site "www.echecsemail.com"]
[Date "2017.07.27"]
[Round "1"]
[White "Pforjan"]
[Black "Cjood"]
[WhiteElo "2169"]
[BlackElo "1860"]
[Result "1-0"]
[Round "1"]
1.e4 e5
2.Ng1f3 Nb8c6
3.Bf1c4 Ng8f6
4.d3 d6
5.c3 a6
6.Bc4b3 h6
7.Nb1d2 b5
8.O-O Bc8b7
9.Rf1e1 Bf8e7
10.Nd2f1 O-O
11.Nf1g3 a5
12.h3 a4
13.Bb3c2 Qd8d7
14.d4 exd4
15.cxd4 Nc6b4
16.Bc2b1 Qd7e6
17.d5 Nf6xd5
18.exd5 Qe6xd5
19.Qd1xd5 Nb4xd5
20.Bb1e4 Be7f6
21.Ng3h5 Ra8e8
22.Nh5xf6 Nd5xf6
23.Be4xb7 Re8xe1
24.Nf3xe1 c5
25.Bc1f4 { resign }
1-0

[Event "Match"]
[Site "www.echecsemail.com"]
[Date "2017.07.27"]
[Round "1"]
[White "Cjood"]
[Black "Biggles"]
[WhiteElo "1980"]
[BlackElo "2060"]
[Result "0-1"]
[Round "1"]
1.e4 e5
2.Ng1f3 Nb8c6
3.Bf1b5 Ng8f6
4.d3 a6
5.Bb5xc6 dxc6
6.Nf3xe5 Bf8d6
7.Bc1f4 O-O
8.h3 Rf8e8
9.Ne5xf7 Kxf7
10.Bf4g5 Bc8e6
11.f4 Bd6e7
12.e5 Nf6d5
13.Qd1h5 Kg8
14.h4 Be7xg5
15.hxg5 Be6f5
16.g4 Nd5xf4
17.Qh5h2 Re8xe5
18.Kf1 Bf5xd3
19.cxd3 Qd8xd3
{ resign }
0-1

[Event "Match"]
[Site "www.echecsemail.com"]
[Date "2017.07.27"]
[Round "1"]
[White "Cjood"]
[Black "Ericleo1980"]
[WhiteElo "1930"]
[BlackElo "2230"]
[Result "0-1"]
[Round "1"]
1.e4 c5
2.c3 d5
3.d4 dxe4
4.Bf1b5 Bc8d7
5.Bb5xd7 Qd8xd7
6.d5 c4
7.Bc1f4 Ng8f6
8.Nb1a3 b5
9.Ng1e2 Nf6xd5
10.Bf4d2 e5
11.O-O Bf8c5
12.Na3c2 Nb8c6
13.Ne2g3 f5
14.b4 Bc5b6
15.Kh1 O-O
16.Bd2e3 Qd7e6
17.Be3xb6 axb6
18.Qd1d2 Ra8d8
19.Qd2g5 Nd5xc3
20.Ng3h5 g6
21.Nh5g3 f4
22.Ng3h5 Rf8f5
{ resign }
0-1

[Event "Match"]
[Site "www.echecsemail.com"]
[Date "2017.07.27"]
[Round "1"]
[White "Redapond1"]
[Black "Cjood"]
[WhiteElo "1880"]
[BlackElo "1980"]
[Result "1-0"]
[Round "1"]
1.d4 Ng8f6
2.Bc1f4 d5
3.Nb1c3 a6
4.Ng1f3 Nb8c6
5.e3 Bc8f5
6.Bf1d3 Bf5xd3
7.Qd1xd3 e6
8.O-O Bf8e7
9.e4 Be7b4
10.a3 Bb4xc3
11.bxc3 dxe4
12.Qd3e3 exf3
13.Qe3xf3 O-O
14.Ra1b1 Ra8b8
15.Bf4g5 Nc6a5
16.Rb1b4 b5
17.Qf3d3 Na5b7
18.a4 Nb7d6
19.axb5 axb5
20.Rf1e1 c6
21.Re1e3 Nd6c4
22.Bg5xf6 Qd8xf6
23.Re3h3 g6
24.Rh3f3 Qf6g7
25.Qd3e4 Nc4d2
26.Qe4xc6 Nd2xf3
27.Qc6xf3 Rf8c8
28.Rb4b3 Rb8a8
29.h4 Ra8b8
30.g3 f5
31.Qf3e2 Qg7d7
32.Qe2e5 Rc8c7
33.c4 Rc7xc4
34.Qe5xb8 Rc4c8
35.Qb8xb5 Qd7xb5
36.Rb3xb5 Rc8xc2
37.Rb5e5 Kf7
38.Re5c5 Rc2xc5
39.dxc5 Ke7
40.Kg2 Kd7
41.Kf3 Kc6
42.Kf4 Kd5
43.c6 Kxc6
44.Ke5 Kd7
45.Kf6 Kd6
46.Kg7 Ke5
47.Kxh7 Kf6
48.f4 Kf7
49.Kh6 Kf6
50.h5 g5
51.fxg5 Kf7
52.g6 Kg8
53.g7 e5
54.Kg6 f4
55.gxf4 exf4
56.h6 { resign }
1-0

[Event "Match"]
[Site "www.echecsemail.com"]
[Date "2017.07.27"]
[Round "1"]
[White "Darknight"]
[Black "Ditto"]
[WhiteElo "1850"]
[BlackElo "1790"]
[Result "0-1"]
[Round "1"]
1.e4 e5
2.Bf1c4 Nb8c6
3.a3 Ng8f6
4.d3 Bf8c5
5.h3 d6
6.Ng1f3 Nc6d4
7.c3 Nd4c6
8.Nf3g5 O-O
9.h4 Bc8g4
10.f3 Bg4h5
11.g4 h6
12.gxh5 hxg5
13.Bc1xg5 Nc6b8
14.Qd1e2 Nb8d7
15.Nb1d2 a6
16.O-O-O c6
17.Rd1g1 b5
18.Bc4a2 a5
19.Qe2g2 b4
20.a4 bxc3
21.bxc3 Ra8b8
22.h6 Bc5xg1
23.Rh1xg1 g6
24.h5 Qd8b6
25.Ba2b3 Qb6c5
26.Kd1 Nf6xh5
27.Bg5h4 Kh7
28.Bb3c4 Qc5a3
29.Bc4xf7 Nh5f4
30.Bf7xg6 Kh8
31.Qg2g4 Nd7f6
32.Bh4xf6 Rf8xf6
33.Qg4d7 Qa3a1
34.Nd2b1 Qa1xb1
35.Kd2 Qb1xd3
36.Kc1 Rb8b1

0-1

[Event "Match"]
[Site "www.echecsemail.com"]
[Date "2017.07.27"]
[Round "1"]
[White "Drdoom"]
[Black "Jwc"]
[WhiteElo "1610"]
[BlackElo "1209"]
[Result "1-0"]
[Round "1"]
1.e4 c5
2.Ng1f3 Nb8c6
3.d4 d6
4.Bf1b5 a6
5.Bb5xc6 bxc6
6.O-O Ng8f6
7.Rf1e1 g6
8.Nb1c3 Bf8g7
9.e5  { time }
1-0

[Event "Tourn. n9450"]
[Site "www.chess-mail.com"]
[Date "2017.07.28"]
[Round "1"]
[White "Astroboy"]
[Black "Panamski"]
[WhiteElo "2290"]
[BlackElo "2220"]
[Result "1-0"]
[Round "1"]
1.e4 c6
2.d4 d5
3.Nb1c3 dxe4
4.Nc3xe4 Nb8d7
5.Bf1c4 e6
6.Ng1f3 h6
7.Bc1f4 Nd7b6
8.Bc4b3 Nb6d5
9.Bf4g3 Bf8e7
10.O-O Ng8f6
11.Ne4xf6 Be7xf6
12.c3 O-O
13.Rf1e1 b6
14.Qd1d3 g6
15.Nf3e5 Bf6xe5
16.Bg3xe5 Kh7
17.c4 Bc8a6
18.Qd3h3 Nd5f6
19.Qh3f3 Nf6g8
20.Qf3xc6 Qd8c8
21.d5 Qc8xc6
22.dxc6 Ng8e7
23.c7 Ne7f5
24.Ra1d1 h5
25.Rd1d7 Ba6c8
26.Rd7d8 Bc8b7
27.Re1d1 a5
28.Rd8b8 { resign }
1-0

[Event "Tourn. n9378"]
[Site "www.chess-mail.com"]
[Date "2017.07.28"]
[Round "1"]
[White "Stewartborst"]
[Black "Julian"]
[WhiteElo "1469"]
[BlackElo "1720"]
[Result "0-1"]
[Round "1"]
1.e4 c5
2.Ng1f3 Nb8c6
3.d4 cxd4
4.Nf3xd4 d6
5.Nb1c3 a6
6.Bc1e3 Ng8f6
7.Bf1e2 e5
8.Nd4f3 h6
9.O-O Bc8e6
10.Qd1d2 Bf8e7
11.Be2d3 O-O
12.Nc3a4 b5
13.Na4c3 Ra8c8
14.Ra1d1 d5
15.exd5 Nf6xd5
16.Be3xh6 Be7f6
17.Nc3xd5 Be6xd5
18.Bh6g5 Bd5xf3
19.Qd2e3 Bf3xd1
20.Qe3h3 g6
{ resign }
0-1

[Event "Tourn. n9458"]
[Site "www.chess-mail.com"]
[Date "2017.07.28"]
[Round "1"]
[White "Coolant"]
[Black "Bojan"]
[WhiteElo "2290"]
[BlackElo "1960"]
[Result "1-0"]
[Round "1"]
1.Nb1c3 e5
2.Ng1f3 Qd8e7
3.e4 Ng8f6
4.Bf1c4 h6
5.O-O Nb8c6
6.d4 exd4
7.Nf3xd4 Nc6e5
8.Bc4b3 c6
9.Nd4f5 Qe7c5
10.Bc1e3 Qc5a5
11.Nf5d6 Ke7
12.Be3d4 Kxd6
13.Bd4b6 Qa5d5
14.Bb3xd5 cxd5
15.Nc3xd5 { resign }
1-0

[Event "Tourn. n9411"]
[Site "www.chess-mail.com"]
[Date "2017.07.28"]
[Round "1"]
[White "Hundegana"]
[Black "Cjood"]
[WhiteElo "2050"]
[BlackElo "1880"]
[Result "1/2-1/2"]
[Round "1"]
1.c4 e6
2.e4 Nb8c6
3.Nb1c3 Bf8c5
4.Ng1f3 d6
5.Nc3a4 b6
6.Na4xc5 dxc5
7.d3 Nc6d4
8.Nf3xd4 Qd8xd4
9.Qd1c2 e5
10.Bc1e3 Qd4d6
11.Bf1e2 h6
12.O-O-O Ng8f6
13.f3 Bc8d7
14.g4 g5
15.h4 gxh4
16.Rh1xh4 O-O-O
17.Kb1 Bd7e6
18.Rd1h1 h5
19.g5 Nf6d7
20.Rh4xh5 Rh8xh5
21.Rh1xh5 Nd7f8
22.Qc2a4 a5
23.Qa4d1 Nf8g6
24.Qd1h1 Rd8g8
25.Kc2 Kb7
26.b3 Qd6f8
27.Qh1h2 Ka6
28.f4 exf4
29.Be3xf4 Ng6xf4
30.Qh2xf4 Qf8d6
31.e5 Qd6d4
32.Qf4xd4 cxd4
33.a3 c5
34.b4 axb4
35.axb4 cxb4
36.Kb3 Ka5
37.Kb2 Be6f5
38.Ka2 Ka4
39.Kb2 b3
40.Be2d1 Bf5xd3
41.Bd1xb3 Kb4
42.Ka2 Bd3xc4
43.Bb3xc4 Kxc4
44.Kb2 b5
45.Kc2 b4
46.Kb2 d3
47.Rh5h4 Kb5
48.Kb3 Rg8xg5
49.Rh4xb4 Kc5
50.Rb4f4 Rg5xe5
51.Rf4xf7 Kd4
52.Rf7d7 Ke4
53.Kc3 Re5c5
54.Kd2 Rc5c2
55.Kd1 Ke3
56.Rd7e7 Kd4
57.Re7e8 Kc3
58.Re8c8 Kb2
59.Rc8b8 Ka1
{ draw }
1/2-1/2

[Event "Tourn. n9421"]
[Site "www.chess-mail.com"]
[Date "2017.07.28"]
[Round "1"]
[White "Sorim"]
[Black "Madz123456"]
[WhiteElo "1850"]
[BlackElo "1900"]
[Result "1-0"]
[Round "1"]
1.e4 c5
2.Nb1c3 Nb8c6
3.f4 g6
4.Ng1f3 Bf8g7
5.Bf1e2 d6
6.O-O Ng8f6
7.d3 O-O
8.Nf3g5 Bc8d7
9.Bc1e3 Nc6d4
10.Rf1f2 Nd4xe2
11.Qd1xe2 Nf6g4
12.Rf2f3 h6
13.Ng5h3 Ng4xe3
14.Rf3xe3 Bg7d4
15.Nh3f2 Qd8b6
16.Nc3d5 Qb6xb2
17.Nd5xe7  { time }
1-0

[Event "Tourn. n9342"]
[Site "www.chess-mail.com"]
[Date "2017.07.28"]
[Round "1"]
[White "Ssharp"]
[Black "Seger"]
[WhiteElo "2310"]
[BlackElo "2640"]
[Result "0-1"]
[Round "1"]
1.e4 c5
2.Ng1f3 d6
3.d4 Ng8f6
4.e5 dxe5
5.Bf1b5 Bc8d7
6.Bb5xd7 Qd8xd7
7.dxe5 Qd7xd1
8.Kxd1 Nf6d5
9.c4 Nd5c7
10.Nb1c3 Nb8c6
11.Ke2 h6
12.Bc1e3 b6
13.Nc3d5 Nc7xd5
14.cxd5 Nc6b4
15.Rh1d1 Ra8d8
16.Be3f4 Nb4xd5
17.Bf4g3 e6
18.a3 Bf8e7
19.Ra1c1 h5
20.h4 f5
21.Nf3g5 Be7xg5
22.hxg5 f4
23.Bg3h4 g6
24.f3 Rh8f8
25.g4 fxg3
 { time }
0-1

[Event "Tourn. n9451"]
[Site "www.chess-mail.com"]
[Date "2017.07.28"]
[Round "1"]
[White "Fantomas"]
[Black "Claymil"]
[WhiteElo "1820"]
[BlackElo "2080"]
[Result "1/2-1/2"]
[Round "1"]
1.Ng1f3 d5
2.d4 c5
3.e3 Nb8c6
4.Bf1e2 c4
5.O-O b5
6.b3 Bc8b7
7.a4 a6
8.Bc1d2 g6
9.b4 Bf8g7
10.Qd1c1 e5
11.dxe5 Nc6xe5
12.Bd2c3 Ne5xf3
13.Be2xf3 Ng8f6
14.Rf1d1 Qd8c7
15.Qc1b2 Qc7d6
16.e4 Qd6f4
17.exd5 O-O
18.Bc3e5 Qf4f5
19.axb5 axb5
20.Ra1xa8 Rf8xa8
21.Nb1a3 Ra8xa3
22.Be5xf6 Ra3xf3
23.Bf6xg7 Rf3xf2
24.Bg7h6 f6
25.Qb2d4 Rf2xc2
26.Rd1f1 Qf5xd5
27.Qd4xd5 Bb7xd5
28.Rf1xf6 Bd5f7
29.Kf1 Rc2b2
30.Rf6b6 Bf7e8
31.Rb6f6 Be8f7
32.Rf6b6 Bf7e8
33.Rb6f6 Be8f7
34.Rf6b6 Bf7e8
35.Rb6f6 Be8f7
36.Rf6b6 Bf7e8
37.Rb6f6 { draw }
1/2-1/2

[Event "Tourn. n9325"]
[Site "www.chess-mail.com"]
[Date "2017.07.28"]
[Round "1"]
[White "Conde7"]
[Black "Seger"]
[WhiteElo "2860"]
[BlackElo "2680"]
[Result "1/2-1/2"]
[Round "1"]
1.e4 c5
2.Ng1f3 g6
3.c4 Bf8g7
4.d4 cxd4
5.Nf3xd4 Nb8c6
6.Bc1e3 d6
7.Nb1c3 Qd8b6
8.Nd4b5 Bg7xc3
9.Nb5xc3 Qb6xb2
10.Nc3b5 Kf8
11.Ra1b1 Qb2e5
12.Bf1d3 Ng8f6
13.h3 a6
14.f4 Qe5h5
15.Qd1xh5 Nf6xh5
16.Nb5c7 Ra8b8
17.Kf2 Kg7
18.Nc7d5 Nh5f6
19.Rh1d1 h5
20.Nd5xf6 Kxf6
21.Rb1b6 Kg7
22.Rd1b1 Rb8a8
23.Bd3e2 Rh8d8
24.a4 h4
25.Kg1 Nc6b8
26.Rb1d1 Nb8d7
27.Be3d4 Kf8
28.Rb6b2 Rd8e8
29.f5 f6
30.fxg6 Kg7
31.a5 Kxg6
32.c5 Nd7xc5
33.Bd4xc5 dxc5
34.Rb2b6 Ra8b8
35.Rd1d5 Re8h8
36.Rd5xc5 Bc8d7
37.Rc5c7 Bd7c6
38.Rc7xe7 Rb8e8
39.Re7xe8 Rh8xe8
40.Be2xa6 Re8e5
41.Ba6xb7 { draw }
1/2-1/2

[Event "Tourn. n9437"]
[Site "www.chess-mail.com"]
[Date "2017.07.28"]
[Round "1"]
[White "Jose"]
[Black "Seger"]
[WhiteElo "2800"]
[BlackElo "2700"]
[Result "1-0"]
[Round "1"]
1.d4 Ng8f6
2.c4 d6
3.Nb1c3 e5
4.Ng1f3 exd4
5.Nf3xd4 Bf8e7
6.e4 Nb8c6
7.Bf1e2 Nc6xd4
8.Qd1xd4 O-O
9.O-O Nf6d7
10.Nc3d5 Be7f6
11.Nd5xf6 Qd8xf6
12.Qd4xf6 Nd7xf6
13.f3 Bc8e6
14.Bc1e3 Nf6d7
15.g4 Nd7e5
16.Rf1c1 f6
{ time. }
1-0

[Event "Tourn. n9312"]
[Site "www.chess-mail.com"]
[Date "2017.07.28"]
[Round "1"]
[White "Redapond1"]
[Black "Ditto"]
[WhiteElo "1700"]
[BlackElo "1670"]
[Result "1-0"]
[Round "1"]
1.d4 d5
2.Bc1f4 Ng8f6
3.Nb1c3 Bc8f5
4.e3 e6
5.Nc3b5 Bf8b4
6.c3 Bb4a5
7.Bf1d3 Bf5g4
8.f3 Bg4h5
9.Ng1e2 O-O
10.b4 Ba5b6
11.O-O a6
12.Nb5a3 Nb8d7
13.c4 dxc4
14.Bd3xc4 Bb6a7
15.g4 Bh5g6
16.b5 a5
17.e4 Nf6e8
18.Qd1d2 Nd7b6
19.h4 Nb6xc4
20.Na3xc4 b6
21.Nc4e5 Ne8d6
22.Ne5c6 Qd8xh4
23.Bf4g3 Qh4h3
24.Rf1f2 Nd6c4
25.Qd2c1 Nc4d6
26.Bg3xd6 cxd6
27.Ne2f4 Qh3h4
28.Kf1 Qh4h1
29.Ke2 Qh1xc1
30.Ra1xc1 Ra8c8
31.Nc6e7 Kh8
32.Ne7xc8 Ba7b8
33.Nc8xb6 Bb8a7
34.Nb6d7 Rf8d8
35.b6 Ba7b8
36.Nd7xb8 Rd8xb8
37.Nf4xg6 fxg6
38.Rc1c6 Kg8
39.Rc6xd6 Kf7
40.Rf2h2 h6
41.e5 a4
42.Kd3 g5
43.Rh2c2 a3
44.Rc2c7 Kg6
45.Rd6xe6 Kh7
46.Re6e7 Rb8g8
47.b7 Kg6
48.Rc7c8 { resign }
1-0

[Event "Tourn. n9418"]
[Site "www.chess-mail.com"]
[Date "2017.07.28"]
[Round "1"]
[White "Sorim"]
[Black "Madz123456"]
[WhiteElo "1850"]
[BlackElo "1900"]
[Result "1-0"]
[Round "1"]
1.e4 c5
2.Nb1c3 Nb8c6
3.f4 g6
4.Ng1f3 Bf8g7
5.Bf1b5 Nc6d4
6.O-O e6
7.d3 a6
8.Bb5a4 b5
9.Ba4b3 Bc8b7
10.a4 b4
11.Nc3e2 Nd4xb3
12.cxb3 d6
13.Qd1c2 Ng8e7
14.Bc1e3 O-O
15.d4 cxd4
16.Nf3xd4 e5
17.fxe5  { time }
1-0

[Event "Match"]
[Site "www.echecsemail.com"]
[Date "2017.07.28"]
[Round "1"]
[White "Blackygrey"]
[Black "Caspito"]
[WhiteElo "1499"]
[BlackElo "1950"]
[Result "1-0"]
[Round "1"]
1.e4 e5
2.Ng1f3 Nb8c6
3.Bf1c4 h6
4.O-O Ng8f6
5.d4 Nf6xe4
6.Nf3xe5 Nc6xe5
7.dxe5 Bf8c5
8.Qd1d5 O-O
9.Qd5xe4 d6
10.Bc1xh6 gxh6
11.Qe4g6 Kh8
12.Qg6xh6 Kg8
13.Bc4d3 f5
14.exf6 Rf8xf6
15.Bd3c4 d5
16.Qh6g5 Kf7
17.Bc4xd5 Bc8e6
18.Bd5xe6 Rf6xe6
19.Qg5xc5 Qd8d2
20.Nb1xd2 { resign }
1-0

[Event "Match"]
[Site "www.echecsemail.com"]
[Date "2017.07.28"]
[Round "1"]
[White "Cjood"]
[Black "Caspito"]
[WhiteElo "1860"]
[BlackElo "1970"]
[Result "1-0"]
[Round "1"]
1.Ng1f3 Nb8c6
2.e4 e5
3.Bf1c4 h6
4.b3 Ng8f6
5.Bc1b2 d6
6.d3 Bc8g4
7.h3 Bg4e6
8.Bc4xe6 fxe6
9.Nb1d2 Nf6h5
10.O-O Nh5f4
11.Kh2 Qd8f6
12.g3 Nf4h5
13.Nf3xe5 dxe5
14.Qd1xh5 g6
15.Qh5e2 O-O-O
16.f4 Qf6g7
17.Nd2c4 Bf8d6
18.Qe2g4 Rd8e8
19.Nc4xd6 cxd6
20.f5 exf5
21.exf5 Kb8
22.fxg6 Re8f8
23.Ra1e1 h5
24.Qg4e6 Rf8d8
25.Rf1f7 Qg7h6
26.Bb2c1 Nc6d4
27.Qe6f6 Nd4f3
28.Qf6xf3 Qh6xg6
29.Qf3xb7 
1-0

[Event "Match"]
[Site "www.echecsemail.com"]
[Date "2017.07.28"]
[Round "1"]
[White "Azocarfreund"]
[Black "Billyg"]
[WhiteElo "1969"]
[BlackElo "1730"]
[Result "0-1"]
[Round "1"]
1.Ng1f3 d6
2.h3 Nb8c6
3.e4 d5
4.e5 f6
5.Bf1b5 Bc8d7
6.O-O fxe5
7.Bb5xc6 Bd7xc6
8.Nf3xe5 Bc6b5
9.Qd1f3 Bb5xf1
10.Kxf1 Ng8f6
11.d4 e6
12.Bc1g5 Bf8e7
13.Qf3b3 h6
14.Bg5xf6 Be7xf6
15.Ne5g6 Rh8g8
16.Ng6f4 b6
17.Nf4xe6 Qd8d7
18.Qb3e3 Qd7b5
19.Kg1 Kd7
20.b3 Rg8e8
21.a4 Qb5b4
22.Qe3c3 Qb4xc3
{ resign }
0-1